000 00606nam a2200205 i 4500
001 140810
003 ES-MaACL
005 20250702063104.0
007 t|
008 070917s1939 ag ||||1| spa d
100 1 _aWilde, Oscar,
_d1854-1900
_9241147
245 1 3 _aEl ruiseñor y la rosa
_b: ; Cuentos ; Poemas en prosa /
_cOscar Wilde.
250 _a2ª ed.
260 _aBuenos Aires :
_bEspasa-Calpe,
_c[1939]
300 _a177 p. ;
_c18 cm.
490 1 _aColección austral
830 0 _aColección austral
_9177655
852 _aES-MaACL
_jC-2699
_bR.24119
999 _c140810
_d140810